000 00407pab a2200169 454500
008 180718b2011 xxu||||| |||| 00| 0 eng d
100 _aSuijathan, P.K.
245 _aGlobalisation, informality and female labour force
260 _c2011
300 _ap.339-356.
362 _aAug
650 _aGlobalization
650 _aManpower
773 _aAsian Economic Review
908 _aN
909 _a93365
999 _c93365
_d93365